Poesía / (Record no. 6294)
[ view plain ]
| 000 -LEADER | |
|---|---|
| campo de control de longitud fija | 01117nam a2200277 i 4500 |
| 001 - NÚMERO DE CONTROL | |
| campo de control | 6294 |
| 003 - IDENTIFICADOR DE NÚMERO DE CONTROL | |
| campo de control | ES-MaACL |
| 005 - FECHA Y HORA DE LA ÚLTIMA TRANSACCIÓN | |
| campo de control | 20250819061546.0 |
| 007 - CAMPO FIJO DE DESCRIPCIÓN FÍSICA--INFORMACIÓN GENERAL | |
| campo de control de longitud fija | t| |
| 008 - DATOS DE LONGITUD FIJA--INFORMACIÓN GENERAL | |
| campo de control de longitud fija | 890920s1979 lh |||| | spa d |
| 080 ## - NÚMERO DE LA CLASIFICACIÓN DECIMAL UNIVERSAL | |
| Número de la Clasificación Decimal Universal | 05(46) |
| 080 ## - NÚMERO DE LA CLASIFICACIÓN DECIMAL UNIVERSAL | |
| Número de la Clasificación Decimal Universal | 86(05)(468.171.9) |
| 080 ## - NÚMERO DE LA CLASIFICACIÓN DECIMAL UNIVERSAL | |
| Número de la Clasificación Decimal Universal | 86(05)(443.61) |
| 245 00 - MENCIÓN DEL TÍTULO | |
| Título | Poesía / |
| Mención de responsabilidad, etc. | introducción por Juan Manuel Rozas. |
| 260 ## - PUBLICACIÓN, DISTRIBUCIÓN, ETC. | |
| Lugar de publicación, distribución, etc. | Vaduz, Liechtenstein : |
| Nombre del editor, distribuidor, etc. | Topos, |
| Fecha de publicación, distribución, etc. | 1979. |
| 300 ## - DESCRIPCIÓN FÍSICA | |
| Extensión | 2 v. ; |
| Dimensiones | 22, 30 cm. |
| 490 1# - MENCIÓN DE SERIE | |
| Mención de serie | Biblioteca del 36. Revistas en la Segunda República Española ; |
| Designación de volumen o secuencia | 15 |
| 505 8# - NOTA DE CONTENIDO CON FORMATO | |
| Nota de contenido con formato | Contiene: 1 ; |
| Título | Málaga 1930, números 1-3 - 2 ; |
| -- | París 1930-1931, números 4-5; fragmento de carta de Manuel Altolaguirre |
| 534 ## - NOTA SOBRE LA VERSIÓN ORIGINAL | |
| Frase introductoria | Repr. de la revista ed. en: |
| Publicación, distribución, etc. del original | Málaga, (1930) y París (1930-1931) : Imp. Manuel Altolaguirre, 1930-1931. |
| 630 04 - PUNTO DE ACCESO ADICIONAL DE MATERIA--TÍTULO UNIFORME | |
| Título uniforme | Poesía (Málaga)- |
| Subdivisión de forma | Facsímiles. |
| 9 (RLIN) | 123911 |
| 700 1# - ENTRADA AGREGADA--NOMBRE PERSONAL | |
| Nombre de persona | Rozas, Juan Manuel. |
| 9 (RLIN) | 100249 |
| 700 1# - ENTRADA AGREGADA--NOMBRE PERSONAL | |
| Nombre de persona | Altolaguirre Bolín, Manuel, |
| Fechas asociadas al nombre | 1905-1959 |
| 9 (RLIN) | 20553 |
| 830 00 - PUNTO DE ACCESO ADICIONAL DE SERIE-TÍTULO UNIFORME | |
| Título uniforme | Biblioteca del 36. |
| Nombre de parte o sección de la obra | Revistas en la Segunda República española |
| Designación de volumen o secuencia | 15 |
| 9 (RLIN) | 177501 |
| 852 ## - LOCALIZACIÓN | |
| Ubicación | ES-MaACL |
| Número de control de estantería | L-13500-01 |
| Estatus retirado | Estado de pérdida | Estado de daño | No para préstamo | Biblioteca de origen | Biblioteca actual | Ubicación en estantería | Fecha de adquisición | Fuente de adquisición | Total de préstamos | Signatura topográfica completa | Código de barras | Visto por última vez | Precio de reemplazo | Tipo de ítem Koha |
|---|---|---|---|---|---|---|---|---|---|---|---|---|---|---|
| Biblioteca del Ateneo de Madrid | Biblioteca del Ateneo de Madrid | Depósito 2 | 17/01/2008 | L-13500-01 | 1006407 | 23/02/2023 | 23/02/2023 | Libro impreso |
